| 000 | 00690nam a2200229 a 4500 | ||
|---|---|---|---|
| 001 | BRCA_4035 | ||
| 005 | 20190320204525.0 | ||
| 008 | 080210s1959----gw-a######---#000-0#spa-# | ||
| 041 | _aeng | ||
| 044 | _agw | ||
| 050 | 4 |
_aND1352 _b.R84 1959 |
|
| 100 | 1 |
_aRugendas, Johann Moritz _d1802-1858 _9795 |
|
| 245 | 1 | 0 |
_aJ. M. Rugendas, 1802-1855 _bexposición en México, 1959 _cJohann Moritz Rugendas. |
| 260 |
_aMonaco, Alemania _bPrestel _c1959 |
||
| 300 |
_a38 p. _bil. 40 láminas _c17 cm |
||
| 500 | _aC121 | ||
| 600 | 1 | 4 |
_aRugendas, Johann Moritz _d1802-1858 _9795 |
| 650 | 1 | 4 |
_aPintores alemanes _9797 |
| 650 | 1 | 4 |
_aPaisajes, pinturas de _zMéxico _910485 |
| 902 | _aGFM | ||
| 942 |
_2lcc _cB |
||
| 999 |
_c3759 _d3759 |
||